000 00713nam a2200193 i 4500
001 46441
003 ES-MaACL
005 20230906161402.0
007 t|
008 030328s1986 sp ||||1| spa d
020 _a84-309-1230-4
245 0 0 _aComentarios a las reformas de nacionalidad y tutela
_b: Ley 21/1982, de 13 de julio de 1982 y Ley 13/1983, de 24 de octubre de 1983 /
_cManuel Amorós Guardiola, Rodrigo Bercovitz Rodríguez-Cano (coordinadores).
260 _aMadrid :
_bTecnos,
_c1986.
300 _a871 p. ;
_c25 cm.
500 _aAp. Legislativo.
700 1 _aAmorós Guardiola, Manuel.
_921320
700 1 _aBercovitz Rodríguez-Cano, Rodrigo.
_927857
852 _aES-MaACL
_jL-9215
_bR.111289
999 _c46441
_d46441